000 00581nam a2200241Ia 4500
003 OSt
005 20220924151200.0
006 a|||||r|||| 00| 0
007 ta
008 220923b |||||||| |||| 00| 0 tel d
020 _c3.00
024 _a336550
037 _cTextual
040 _aARTS
_cARTS
_btel
041 _2tel
_atel
082 _aO35,3NRA5,1, J9
100 _aRamamurty
_9223744
245 0 _aSmrutimandir
260 _c1959
650 _aTELUGU FICTION
942 _hO35,3NRA5,1, J9
_cTEXL
_2CC
999 _c465789
_d465789